La Cuisine - Statistiques

Statistiques générales
  • Ce quiz a été pris 573 fois
  • Le résultat moyen est 13 sur 15
Statistiques - réponses
Hint Réponse % Correct
Condiment célèbre et originaire de Dijon Moutarde
97%
Plat national marocain Tajine
95%
Mets français préparé avec du vin rouge Bœuf Bourguignon
94%
Célèbre crème utilisée pour accompagner les fraises Chantilly
94%
Elle peut être Golden ou encore Granny Smith Pomme
94%
On lui doit l'introduction de la pomme de terre en France Antoine Parmentier
92%
Dessert et aussi métier lié à la religion Religieuse
92%
Jambon provenant de cette ville et étant souvent servi avec le melon Jambon de Parme
91%
Sauce au concombre et à la crème fraîche venant de Grèce Tzatziki
91%
Tarte et Prénom Amandine
89%
Domaine de l'ostréiculteur Huîtres
89%
Un des plus célèbres vient de Guérande Sel
89%
Souvent servie avec une sauce à l'échalote Bavette
86%
Autre nom du Poisson-globe pouvant être dégusté au Japon Fugu
84%
Plat national péruvien Ceviche
68%
Aucun quiz correspondant
Distribution des résultats
% des personnes avec chaque résultat
Percentile par nombre de réponses
Votre historique - résultats
Vous n’avez pas pris ce quiz